Color image scale : Shigenabu Koyabashi ; translated by Louella Matsunaga
| Main Author: | |
|---|---|
| Format: | Book |
| Published: |
Tokyo :
Kondansha Int. ,
1990
|
| Subjects: |
MARC
| LEADER | 00000cam a2200000 7i4500 | ||
|---|---|---|---|
| 001 | 0000001832 | ||
| 005 | 20220323.0 | ||
| 020 | |a 477001564X | ||
| 040 | |a INS | ||
| 090 | 0 | 0 | |a BF789.C7 |b K69 1991 |
| 100 | 1 | |a Kobayashi, Shigenobu, , |d 1925- | |
| 245 | 1 | 0 | |a Color image scale : |b Shigenabu Koyabashi ; translated by Louella Matsunaga |
| 260 | |a Tokyo : |b Kondansha Int. , |c 1990 | ||
| 300 | |a 160p. : |b ill. ; |c 18cm. | ||
| 650 | 0 | |a Color |x Pyhechological aspects | |
| 999 | |a 0000006632 |b BOOK |c Open Shelf |e Default branch | ||